NHL-joukkueet - Statistics

Yleistilastot
  • Tätä visaa on pelattu 529 kertaa
  • Keskiarvotulos 22 / 32
Vastaustilastot
% Oikein
Florida (USA) Florida Panthers
88%
New York (USA) New York Rangers
87%
Pohjois-Carolina (USA) Carolina Hurricanes
82%
Colorado (USA) Colorado Avalanche
81%
Texas (USA) Dallas Stars
81%
Minnesota (USA) Minnesota Wild
78%
Alberta (CAN) Edmonton Oilers
77%
New Jersey (USA) New Jersey Devils
77%
Washington D.C. (USA) Washington Capitals
76%
New York (USA) New York Islanders
75%
Arizona (USA) Arizona Coyotes
72%
Kalifornia (USA) San Jose Sharks
72%
Kalifornia (USA) Los Angeles Kings
71%
Ontario (CAN) Toronto Maple Leafs
71%
Massachusetts(USA) Boston Bruins
70%
Illinois (USA) Chicago Blackhawks
69%
Manitoba (CAN) Winnipeg Jets
69%
Kalifornia (USA) Anaheim Ducks
68%
BrittiläinenKolumbia (CAN) Vancouver Canucks
66%
Ontario (CAN) Ottawa Senators
64%
Quebec (CAN) Montreal Canadiens
63%
Pennsylvania (USA) Pittsburgh Penguins
63%
Washington (USA) Seattle Kraken
63%
Tennessee (USA) Nashville Predators
62%
Nevada (USA) Vegas Golden Knights
61%
Florida (USA) Tampa Bay Lightning
60%
Alberta (CAN) Calgary Flames
59%
Michigan (USA) Detroit Red Wings
59%
Pennsylvania (USA) Philadelphia Flyers
59%
Ohio (USA) Columbus Blue Jackets
58%
New York (USA) Buffalo Sabres
50%
Missouri (USA) St. Louis Blues
48%
Ehtoja vastaavia visoja ei löytynyt
Tulosjakauma
Jokaisen tuloksen saaneiden osuus
Persentiili vastausten määrän mukaan
Tuloshistoriasi
Et ole pelannut tätä visaa